| 000 | 01718nam0a2200325 i 4500 | ||
|---|---|---|---|
| 001 | RU\NLR\BIBL_A\011356951 | ||
| 005 | 20260409074450.0 | ||
| 010 |
_a9785903562664 _91000 |
||
| 021 |
_aRU _b2017-15674 _91160 |
||
| 035 | _a(RuMoRGB)008816875 | ||
| 035 | _a(NLR Aleph) 011356951 | ||
| 090 |
_a11278065 _c11278065 |
||
| 100 | _a20170331d2015 um y0rusy50 ca | ||
| 101 | 0 | _arus | |
| 102 | _aRU | ||
| 105 | _aab||g|||001zy | ||
| 200 | 1 |
_aГосударственная национальная политика Российской Федерации _eсправочник специалиста _fЛенинградская область _g[автор-составитель: Сергей Валерьевич Соколовский доктор исторических наук _gпод редакцией доктора психологических наук Оксаны Анатольевны Пикулевой] |
|
| 210 |
_aСанкт-Петербург _cИнкери _d2015 |
||
| 215 |
_a43 с. _cил., цв. ил., карт. _d20 |
||
| 316 |
_aС автогр. Романовой Н.М. эксперт-консультант _5NLR |
||
| 320 | _aБиблиогр. в тексте | ||
| 606 |
_aНациональная политика _jСправочники _yРоссийская Федерация _92151651 _3RU\NLR\AUTH\661295712 |
||
| 686 | 1 | _aТ3(2)74-36я2 | |
| 686 | 1 | _aХ620.4я2 | |
| 702 | 1 |
_aСоколовский _bС. В. _f1954- _gСергей Валерьевич _4220 |
|
| 702 | 1 |
_aПикулева _bО. А. _gОксана Анатольевна _4340 |
|
| 942 | _cBOOK | ||
| 980 | _aNBR | ||